| 000 | 00678nam a2200217 a 4500 | ||
|---|---|---|---|
| 003 | PILC | ||
| 005 | 20150112093443.0 | ||
| 008 | 100716s19uu xx 00 eng d | ||
| 020 | _a0470844663 | ||
| 050 |
_aHF 5691 _b.B67 2002 |
||
| 082 |
_aMSF 519.8 _bB72 2002 |
||
| 100 |
_aBradley, Teresa _918348 |
||
| 245 |
_aEssential mathematics for economics and business / _cTeresa Bradley and Paul Patton |
||
| 250 | _a2nd ed. | ||
| 260 |
_aNew Jersey : _bJohn Wiley & Sons, Ltd, _c2002. |
||
| 300 |
_a637 pages : _billustration ; _c24 cm. |
||
| 650 |
_aBusiness mathematics _913054 |
||
| 650 |
_aMathematics-economics _920553 |
||
| 700 |
_aPatton, Paul _920554 |
||
| 942 |
_2lcc _cBK |
||
| 999 |
_c14802 _d14802 |
||